00334nam a2200121Ia 4500008004100000040001600041041001200057082001300069100002400082245006300106260003200169300001100201230917s9999||||xx |||||||||||||| ||und|| e53512aMAIN aEnglish aB R15A:P aChanchreek, K L, ed 0aPrime minister P V Narsimha Rao: India's great expectation aDelhibH K Publishersc1991 a340 p.